Использование сервисов тест-кейсов при разработке и проверке сценариев; Инновационные технологии в машиностроении

Bibliographic Details
Parent link:Инновационные технологии в машиностроении.— 2019.— [С. 232-235]
Main Author: Скроботов А. А.
Corporate Author: Национальный исследовательский Томский политехнический университет Юргинский технологический институт (филиал) Отделение цифровых технологий
Other Authors: Чернышёва Т. Ю. Татьяна Юрьевна
Summary:Заглавие с экрана
В данной статье рассмотрена документация, используемая при тестировании программного обеспечения. Приведены примеры результатов использования тестовых программ.
This article discusses the documentation used in software testing. Examples of the results of using test programs are given.
Language:Russian
Published: 2019
Series:Цифровые технологии и менеджмент на предприятии
Subjects:
Online Access:http://earchive.tpu.ru/handle/11683/55348
Format: MixedMaterials Electronic Book Chapter
KOHA link:https://koha.lib.tpu.ru/cgi-bin/koha/opac-detail.pl?biblionumber=629620

MARC

LEADER 00000naa2a2200000 4500
001 629620
005 20231102024417.0
035 |a (RuTPU)RU\TPU\conf\30303 
035 |a RU\TPU\conf\30302 
090 |a 629620 
100 |a 20190723d2019 k y0rusy50 ca 
101 0 |a rus  |d eng 
102 |a RU 
105 |a y z 101zy 
135 |a drcn ---uucaa 
181 0 |a i  
182 0 |a b 
200 1 |a Использование сервисов тест-кейсов при разработке и проверке сценариев  |f А. А. Скроботов, Т. Ю. Чернышёва 
203 |a Текст  |c электронный 
225 1 |a Цифровые технологии и менеджмент на предприятии 
230 |a 1 компьютерный файл (pdf; 218 Kb) 
300 |a Заглавие с экрана 
320 |a [Библиогр.: с. 235 (5 назв.)] 
330 |a В данной статье рассмотрена документация, используемая при тестировании программного обеспечения. Приведены примеры результатов использования тестовых программ. 
330 |a This article discusses the documentation used in software testing. Examples of the results of using test programs are given. 
463 0 |0 (RuTPU)RU\TPU\conf\30067  |t Инновационные технологии в машиностроении  |o сборник трудов X Международной научно-практической конференции, 23–25 мая 2019 г., Юрга  |f Национальный исследовательский Томский политехнический университет (ТПУ), Юргинский технологический институт (ЮТИ) ; под ред. Е. А. Зернина  |v [С. 232-235]  |d 2019 
610 1 |a электронный ресурс 
610 1 |a труды учёных ТПУ 
610 1 |a сервисы 
610 1 |a тестирование 
610 1 |a документация 
610 1 |a программное обеспечение 
610 1 |a тестовые программы 
610 1 |a testing 
610 1 |a documentation 
610 1 |a document 
610 1 |a project 
610 1 |a software 
610 1 |a test 
700 1 |a Скроботов  |b А. А. 
701 1 |a Чернышёва  |b Т. Ю.  |c специалист в области информатики и вычислительной техники  |c доцент Юргинского технологического института (филиала) Томского политехнического университета, кандидат технических наук  |f 1974-  |g Татьяна Юрьевна  |2 stltpush  |3 (RuTPU)RU\TPU\pers\25981  |9 11830 
712 0 2 |a Национальный исследовательский Томский политехнический университет  |b Юргинский технологический институт (филиал)  |b Отделение цифровых технологий  |h 8375  |2 stltpush  |3 (RuTPU)RU\TPU\col\24718 
801 2 |a RU  |b 63413507  |c 20200527  |g RCR 
856 4 |u http://earchive.tpu.ru/handle/11683/55348 
942 |c BK